[Event "Llinars del Valles op-A 13th"]
[Site "Llinars del Valles"]
[Date "2019.04.27"]
[Round "3"]
[White "Rodriguez Martinez, Juan P"]
[Black "Ritter Aguilar, Jordi"]
[Result "0-1"]
[WhiteElo "1789"]
[BlackElo "1828"]
[PlyCount "52"]
[EventDate "2019.03.30"]
[EventType "swiss"]
[EventRounds "8"]
[EventCountry "ESP"]
[SourceTitle "EXT 2020"]
[Source "ChessBase"]
[SourceDate "2019.10.17"]
[SourceVersion "1"]
[SourceVersionDate "2019.10.17"]
[SourceQuality "1"]

1. d4 e6 2. e4 d5 3. e5 f5 4. exf6 Nxf6 5. Nf3 c5 6. dxc5 Bxc5 7. Bd3 Nc6 8. Bf4 Bd6 9. Bxd6 Qxd6 10. Nc3 a6 11. 0-0 0-0 12. Re1 e5 13. Bc4 Rd8 14. Bb3 Bg4 15. h3 Bh5 16. g4 Bf7 17. Ng5 Bg6 18. Nge4 Bxe4 19. Nxe4 Nxe4 20. Rxe4 Kh8 21. Re1 e4 22. Qd2 Ne5 23. Kg2 Nf3 24. Qe3 Qh2+ 25. Kf1 d4 26. Qxe4 Nd2+ 0-1

[Event "Llinars del Valles op-A 13th"]
[Site "Llinars del Valles"]
[Date "2019.04.06"]
[Round "2"]
[White "Collazo Gibanel, Sergio"]
[Black "Rodriguez Martinez, Juan P"]
[Result "1/2-1/2"]
[WhiteElo "1699"]
[BlackElo "1789"]
[PlyCount "165"]
[EventDate "2019.03.30"]
[EventType "swiss"]
[EventRounds "8"]
[EventCountry "ESP"]
[SourceTitle "EXT 2020"]
[Source "ChessBase"]
[SourceDate "2019.10.17"]
[SourceVersion "1"]
[SourceVersionDate "2019.10.17"]
[SourceQuality "1"]

1. e4 d5 2. exd5 Qxd5 3. Nc3 Qa5 4. d3 Nf6 5. Bd2 c6 6. g3 Bg4 7. Nf3 Nbd7 8. Qe2 e6 9. Bg2 Be7 10. 0-0 Qh5 11. Qe3 Nb6 12. Ne5 h6 13. f3 Bh3 14. g4 Bxg4 15. fxg4 Nxg4 16. Nxg4 Qxg4 17. Qg3 Qxg3 18. hxg3 0-0 19. Rae1 Nd7 20. d4 Rad8 21. Ne4 Nb6 22. Bc3 Nd5 23. Bd2 Nb6 24. c3 Nc4 25. Bc1 Rb8 26. b3 Nb6 27. Bf4 Rbc8 28. Nd6 Bxd6 29. Bxd6 Rfd8 30. Bc5 Nd7 31. Be7 Re8 32. Bd6 Red8 33. Be5 Nf8 34. Be4 Rd7 35. Bf4 Rcd8 36. Be3 Nh7 37. Rf2 Nf6 38. Bf3 Nd5 39. Bd2 Nf6 40. Bg2 Nd5 41. a4 Ne7 42. a5 a6 43. Bc1 Nd5 44. Bb2 Ne7 45. c4 Nf5 46. d5 cxd5 47. cxd5 Nxg3 48. dxe6 fxe6 49. Rxe6 Rd2 50. Re7 Rxf2 51. Rxg7+ Kf8 52. Kxf2 Nf5 53. Rg4 Rd2+ 54. Kg1 Rxb2 55. Rf4 Rxb3 56. Rxf5+ Kg7 57. Rc5 Kf6 58. Rc7 Rb5 59. Bxb7 Rxa5 60. Rc6+ Kg5 61. Bxa6 Ra2 62. Rc5+ Kf6 63. Bc8 Rb2 64. Bh3 Re2 65. Bg2 Re5 66. Rc6+ Re6 67. Rc4 Re5 68. Kh2 Kg5 69. Kg3 Re3+ 70. Bf3 Re5 71. Rg4+ Kf6 72. Ra4 Rg5+ 73. Kh4 Rc5 74. Ra6+ Kg7 75. Kg4 Re5 76. Kf4 Re7 77. Be4 Rf7+ 78. Bf5 Rf6 79. Ra1 Rb6 80. Kg4 Kf6 81. Ra8 Rb4+ 82. Kh5 Kxf5 83. Kxh6 1/2-1/2

[Event "Llinars del Valles op-A 12th"]
[Site "Llinars del Valles"]
[Date "2018.05.26"]
[Round "6"]
[White "Garcia Gil, Oriol"]
[Black "Rodriguez Martinez, Juan P"]
[Result "1/2-1/2"]
[WhiteElo "1610"]
[BlackElo "1841"]
[PlyCount "52"]
[EventDate "2018.04.14"]
[EventType "swiss"]
[EventRounds "8"]
[EventCountry "ESP"]
[SourceTitle "CBM 184 Extra"]
[Source "ChessBase"]
[SourceDate "2018.06.28"]
[SourceVersion "1"]
[SourceVersionDate "2018.06.28"]
[SourceQuality "1"]

1. e4 d5 2. exd5 Nf6 3. Nc3 Nxd5 4. Nxd5 Qxd5 5. d4 Nc6 6. Be3 Bf5 7. c4 Qd7 8. Be2 Nb4 9. Rc1 Nxa2 10. Ra1 Nb4 11. Rc1 e6 12. Nf3 f6 13. 0-0 Bg6 14. Qb3 Be7 15. c5 Nd5 16. Qxb7 0-0 17. Bb5 Qc8 18. Qxc8 Rfxc8 19. Bd7 Rd8 20. Bxe6+ Kf8 21. Bxd5 Rxd5 22. Ra1 Bd3 23. Rfc1 c6 24. Rc3 Bb5 25. Rca3 a6 26. Kh1 Rad8 1/2-1/2

[Event "Llinars del Valles op-A 12th"]
[Site "Llinars del Valles"]
[Date "2018.04.14"]
[Round "1"]
[White "Rodriguez Martinez, Juan P"]
[Black "Borges de Clasca, Pol"]
[Result "1/2-1/2"]
[WhiteElo "1841"]
[BlackElo "1675"]
[PlyCount "71"]
[EventDate "2018.04.14"]
[EventType "swiss"]
[EventRounds "8"]
[EventCountry "ESP"]
[SourceTitle "CBM 184 Extra"]
[Source "ChessBase"]
[SourceDate "2018.06.28"]
[SourceVersion "1"]
[SourceVersionDate "2018.06.28"]
[SourceQuality "1"]

1. d4 c5 2. c3 d5 3. Nf3 Bf5 4. Bf4 Nf6 5. e3 e6 6. Nbd2 Nc6 7. Qb3 Qb6 8. Qxb6 axb6 9. Bc7 Nd7 10. Bb5 Be7 11. 0-0 0-0 12. Rfe1 Rfc8 13. Bg3 Nf6 14. Nh4 c4 15. Nxf5 exf5 16. f3 Ra5 17. Bxc6 bxc6 18. e4 fxe4 19. fxe4 Rca8 20. a3 R5a7 21. exd5 cxd5 22. Re2 Nh5 23. Rae1 Bf8 24. Kf2 Rd7 25. Kf3 Nxg3 26. Kxg3 Raa7 27. Nf3 Re7 28. Ne5 Re6 29. Ng4 Bd6+ 30. Kf3 Rae7 31. g3 h5 32. Ne3 Rf6+ 33. Kg2 Rfe6 34. h3 g5 35. Kf2 Rf6+ 36. Kg2 1/2-1/2

[Event "Llinars del Valles op-A 10th"]
[Site "Llinars del Valles"]
[Date "2016.04.30"]
[Round "5"]
[White "Rodriguez Martinez, Juan P"]
[Black "Baltasar Diaz, Vicente"]
[Result "1-0"]
[WhiteElo "1946"]
[BlackElo "1751"]
[PlyCount "39"]
[EventDate "2016.04.02"]
[EventType "swiss"]
[EventRounds "9"]
[EventCountry "ESP"]
[SourceTitle "CBM 172 Extra"]
[Source "ChessBase"]
[SourceDate "2016.06.21"]
[SourceVersion "1"]
[SourceVersionDate "2016.06.21"]
[SourceQuality "1"]

1. e4 e6 2. d4 d5 3. e5 c5 4. Nf3 Nc6 5. Bd3 Nh6 6. 0-0 Nf5 7. dxc5 Bxc5 8. Bf4 a5 9. Nbd2 b5 10. a4 b4 11. Nb3 Bb6 12. Qd2 0-0 13. Rfd1 Nh4 14. Qe2 Bb7 15. Bxh7+ Kh8 16. Ng5 Ng6 17. Nxf7+ Rxf7 18. Bxg6 Kg8 19. Qh5 Bxf2+ 20. Kh1 1-0

[Event "Llinars del Valles op-A 10th"]
[Site "Llinars del Valles"]
[Date "2016.04.02"]
[Round "1"]
[White "Rodriguez Martinez, Juan P"]
[Black "Maria Oproae, Alex Maria"]
[Result "1-0"]
[WhiteElo "1946"]
[BlackElo "1539"]
[PlyCount "73"]
[EventDate "2016.04.02"]
[EventType "swiss"]
[EventRounds "9"]
[EventCountry "ESP"]
[SourceTitle "CBM 172 Extra"]
[Source "ChessBase"]
[SourceDate "2016.06.21"]
[SourceVersion "1"]
[SourceVersionDate "2016.06.21"]
[SourceQuality "1"]

1. e4 c5 2. Nf3 e6 3. d4 cxd4 4. Nxd4 a6 5. c4 d6 6. Nc3 Nf6 7. Bg5 Be7 8. Qd2 b6 9. Be2 Bb7 10. f3 0-0 11. 0-0 Nbd7 12. Rfd1 Qc7 13. b3 Rfd8 14. Rac1 Rac8 15. Kh1 h6 16. Be3 Ne5 17. h3 Ng6 18. Qe1 Nh5 19. Bd3 Bh4 20. Qd2 Ng3+ 21. Kg1 Qe7 22. Na4 Qc7 23. Qb4 Ne5 24. Qxb6 Qxb6 25. Nxb6 Nxd3 26. Rxd3 e5 27. Nf5 Ne2+ 28. Kf1 Nxc1 29. Bxc1 Rc6 30. Nd5 Bf6 31. Nxf6+ gxf6 32. Ne7+ Kg7 33. Nxc6 Bxc6 34. Ba3 Rd7 35. Bxd6 Rb7 36. b4 Kg6 37. Ra3 1-0

[Event "Vall del Tenes op 4th"]
[Site "Santa Eulalia de Roncana"]
[Date "2015.06.05"]
[Round "8"]
[White "Catarineu Morales, Alex"]
[Black "Rodriguez Martinez, Juan P"]
[Result "1-0"]
[WhiteElo "2087"]
[BlackElo "2039"]
[PlyCount "57"]
[EventDate "2015.04.10"]
[EventType "swiss"]
[EventRounds "8"]
[EventCountry "ESP"]
[SourceTitle "EXT 2016"]
[Source "ChessBase"]
[SourceDate "2015.10.08"]
[SourceVersion "1"]
[SourceVersionDate "2015.10.08"]
[SourceQuality "1"]

1. e4 c5 2. Nf3 Nc6 3. Bb5 a6 4. Bxc6 bxc6 5. 0-0 d5 6. Re1 Bg4 7. d3 Qc7 8. Nbd2 e6 9. c3 Be7 10. Qa4 dxe4 11. dxe4 Bxf3 12. Nxf3 Nf6 13. e5 Nd5 14. Qg4 Bf8 15. Ng5 Rd8 16. f4 h5 17. Qe2 Qa7 18. f5 Nc7 19. Qe4 Qb7 20. fxe6 Nxe6 21. Nxe6 fxe6 22. Rf1 Kd7 23. Rf7+ Be7 24. Bg5 Rhe8 25. Qh4 Qxb2 26. Raf1 Kc8 27. Bxe7 Rd2 28. Qe4 Qb6 29. Rb1 1-0

[Event "Vall del Tenes op 3rd"]
[Site "Santa Eulalia de Roncana"]
[Date "2014.06.13"]
[Round "8"]
[White "Rodriguez Martinez, Juan P"]
[Black "Riera Marcos, Albert"]
[Result "1-0"]
[WhiteElo "2062"]
[BlackElo "1984"]
[PlyCount "27"]
[EventDate "2014.04.25"]
[EventType "swiss"]
[EventRounds "8"]
[EventCountry "ESP"]
[SourceTitle "EXT 2015"]
[Source "ChessBase"]
[SourceDate "2014.11.20"]
[SourceVersion "1"]
[SourceVersionDate "2014.11.20"]
[SourceQuality "1"]

1. e4 e5 2. Nf3 Qe7 3. Bc4 d6 4. h3 h6 5. Nc3 c6 6. a4 g5 7. d4 Bg7 8. dxe5 dxe5 9. b3 Be6 10. Ba3 Qd7 11. Qe2 f6 12. Rd1 Qf7 13. Nxe5 Bxc4 14. Rd8+ 1-0

[Event "Vall del Tenes op 3rd"]
[Site "Santa Eulalia de Roncana"]
[Date "2014.05.02"]
[Round "2"]
[White "Rodriguez Martinez, Juan P"]
[Black "Exojo Lozano, Angel"]
[Result "1-0"]
[WhiteElo "2062"]
[BlackElo "1903"]
[PlyCount "121"]
[EventDate "2014.04.25"]
[EventType "swiss"]
[EventRounds "8"]
[EventCountry "ESP"]
[SourceTitle "CBM 160 Extra"]
[Source "ChessBase"]
[SourceDate "2014.07.01"]
[SourceVersion "1"]
[SourceVersionDate "2014.07.01"]
[SourceQuality "1"]

1. e4 d6 2. d4 Nf6 3. Nc3 g6 4. f4 Bg7 5. Nf3 Nbd7 6. e5 dxe5 7. dxe5 Ng4 8. e6 fxe6 9. Ng5 Ndf6 10. Qxd8+ Kxd8 11. Nf7+ Ke8 12. Nxh8 Bxh8 13. h3 Nh6 14. g4 Nf7 15. Nb5 Kd7 16. Be3 Nd5 17. 0-0-0 Nd6 18. Bd2 a6 19. Nxd6 exd6 20. Bg2 Nb6 21. Rhe1 Nc4 22. c3 Nxd2 23. Rxd2 c6 24. Red1 d5 25. Re2 Kc7 26. Rf1 Bf6 27. Kd2 Bd7 28. Bf3 Rf8 29. g5 Bh8 30. Bg4 e5 31. Ref2 e4 32. f5 gxf5 33. Bxf5 Re8 34. Ke3 Re7 35. Bxd7 Kxd7 36. Rf7 Ke6 37. Rxe7+ Kxe7 38. Kf4 Ke6 39. h4 Be5+ 40. Kg4 e3 41. Re1 d4 42. cxd4 Bxd4 43. b3 Ke5 44. h5 Ke4 45. Re2 c5 46. g6 hxg6 47. hxg6 b5 48. Kg3 c4 49. bxc4 bxc4 50. Rh2 Kd3 51. Rh4 Bc3 52. Kf3 Bg7 53. Re4 c3 54. Rxe3+ Kd2 55. Re2+ Kd1 56. Ke3 c2 57. Rd2+ Kc1 58. Kd3 a5 59. Rxc2+ Kb1 60. a4 Ka1 61. Rc5 1-0

[Event "Llinars del Valles op 5th"]
[Site "Llinars del Valles"]
[Date "2013.11.29"]
[Round "8"]
[White "Rodriguez Martinez, Juan P"]
[Black "Ferres Saez, Joan"]
[Result "1/2-1/2"]
[WhiteElo "2079"]
[BlackElo "1987"]
[PlyCount "39"]
[EventDate "2013.10.04"]
[EventType "swiss"]
[EventRounds "8"]
[EventCountry "ESP"]
[SourceTitle "CBM 157 Extra"]
[Source "ChessBase"]
[SourceDate "2013.12.19"]
[SourceVersion "1"]
[SourceVersionDate "2013.12.19"]
[SourceQuality "1"]

1. e4 g6 2. d4 Bg7 3. Nc3 a6 4. Be3 d6 5. f4 b5 6. Be2 Bb7 7. Bf3 Nd7 8. e5 Bxf3 9. Nxf3 Nb6 10. a3 d5 11. b3 Nh6 12. Qd2 Ng4 13. Bg1 h5 14. Ng5 e6 15. Qd3 Qe7 16. h3 Nh6 17. Bf2 Nd7 18. b4 Nb6 19. Ne2 Nc4 20. Nc1 1/2-1/2

[Event "Llinars del Valles op 5th"]
[Site "Llinars del Valles"]
[Date "2013.11.15"]
[Round "6"]
[White "Catarineu Morales, Alex"]
[Black "Rodriguez Martinez, Juan P"]
[Result "1-0"]
[WhiteElo "2055"]
[BlackElo "2079"]
[PlyCount "102"]
[EventDate "2013.10.04"]
[EventType "swiss"]
[EventRounds "8"]
[EventCountry "ESP"]
[SourceTitle "CBM 157 Extra"]
[Source "ChessBase"]
[SourceDate "2013.12.19"]
[SourceVersion "1"]
[SourceVersionDate "2013.12.19"]
[SourceQuality "1"]

1. e4 d5 2. exd5 Qxd5 3. Nc3 Qa5 4. d4 Nf6 5. Bd2 c6 6. Bd3 Bg4 7. f3 Bh5 8. Qe2 e6 9. Nh3 Be7 10. Nf4 Bg6 11. 0-0-0 Bxd3 12. Qxd3 Nbd7 13. Kb1 Qc7 14. Ne4 Nd5 15. Nxd5 cxd5 16. Nc3 a6 17. Rhe1 Nb6 18. f4 Qd7 19. f5 0-0 20. Qe2 Qc6 21. fxe6 f6 22. Qd3 Rfe8 23. Re3 Nc4 24. Rh3 Nxd2+ 25. Rxd2 g6 26. Re2 Bf8 27. Qf3 Rxe6 28. Rxe6 Qxe6 29. Qxd5 Re8 30. Kc1 f5 31. Kd2 Qxd5 32. Nxd5 Bg7 33. c3 Re4 34. Kd3 h6 35. Re3 Rxe3+ 36. Nxe3 Kf7 37. Kc4 Bf8 38. Kd5 f4 39. Ng4 h5 40. Ne5+ Kg7 41. Nd7 Be7 42. Ke6 Bd8 43. Nc5 g5 44. Kf5 Kh6 45. h3 Bc7 46. Nxb7 g4 47. hxg4 h4 48. Ke4 Kg5 49. Kf3 Kf6 50. d5 Be5 51. Nc5 Ke7 1-0

[Event "Llinars del Valles op 5th"]
[Site "Llinars del Valles"]
[Date "2013.10.18"]
[Round "3"]
[White "Argemi Camp, Jaume"]
[Black "Rodriguez Martinez, Juan P"]
[Result "0-1"]
[WhiteElo "1890"]
[BlackElo "2079"]
[PlyCount "140"]
[EventDate "2013.10.04"]
[EventType "swiss"]
[EventRounds "8"]
[EventCountry "ESP"]
[SourceTitle "CBM 157 Extra"]
[Source "ChessBase"]
[SourceDate "2013.12.19"]
[SourceVersion "1"]
[SourceVersionDate "2013.12.19"]
[SourceQuality "1"]

1. e4 c5 2. g3 Nc6 3. Bg2 e6 4. d3 g6 5. Nf3 Bg7 6. 0-0 Nge7 7. a4 0-0 8. Nbd2 Nb4 9. Nb3 b6 10. Ng5 Bb7 11. Nf3 Qc7 12. c3 Nbc6 13. d4 c4 14. Nbd2 Na5 15. Re1 Rac8 16. e5 d6 17. exd6 Qxd6 18. Ne4 Qd8 19. Bf4 Nd5 20. Bc1 Qc7 21. Bh3 Rcd8 22. Nfg5 h6 23. Nf3 Nb3 24. Ra3 Bc6 25. Ned2 Na5 26. Bg2 Nf6 27. Ne5 Bxg2 28. Kxg2 Nd7 29. Ng4 Rfe8 30. Qf3 h5 31. Ne3 e5 32. Nc2 exd4 33. Rxe8+ Rxe8 34. Nxd4 Nc5 35. Nf1 Nd3 36. Bf4 Ne1+ 37. Kh1 Nxf3 38. Bxc7 Nxd4 39. cxd4 Bxd4 40. Ra2 Re2 41. Ra1 Rxf2 42. Re1 Bxb2 43. h4 Kg7 44. Ne3 Rd2 45. Bf4 Rd7 46. Nd1 Bf6 47. Ne3 Re7 48. Bd6 Re6 49. Bb8 Nc6 50. Bf4 Nd4 51. Rc1 Ne2 52. Re1 Nxf4 53. gxf4 Bxh4 54. Re2 Bg3 55. f5 Re5 56. Kg2 Bf4 57. f6+ Kf8 58. Rd2 Bxe3 59. Rd8+ Re8 60. Rd7 a5 61. Rc7 Bc5 62. Rd7 c3 63. Rd1 Be3 64. Kf3 c2 65. Ke2 cxd1Q+ 66. Kxd1 Bc5 67. Kc2 h4 68. Kb3 Re4 69. Kc3 Rd4 70. Kc2 h3 0-1

[Event "Vall del Tenes op 2nd"]
[Site "Vall del Tenes"]
[Date "2013.05.10"]
[Round "5"]
[White "Rodriguez Martinez, Juan P"]
[Black "Ramos Aguayo, Josep Joan"]
[Result "0-1"]
[WhiteElo "1946"]
[BlackElo "1800"]
[PlyCount "48"]
[EventDate "2013.04.05"]
[EventType "swiss"]
[EventRounds "8"]
[EventCountry "ESP"]
[SourceTitle "EXT 2014"]
[Source "ChessBase"]
[SourceDate "2013.11.20"]
[SourceVersion "1"]
[SourceVersionDate "2013.11.20"]
[SourceQuality "1"]

1. e4 c5 2. Nf3 g6 3. d4 cxd4 4. Nxd4 Nf6 5. Nc3 Nc6 6. Be3 Bg7 7. Bc4 Qa5 8. 0-0 0-0 9. Bb3 d6 10. h3 Bd7 11. Qd2 Nxd4 12. Bxd4 Nxe4 13. Nxe4 Qxd2 14. Nxd2 Bxd4 15. c3 Bg7 16. Rfe1 e6 17. Rad1 b5 18. Ne4 d5 19. Nc5 Bc8 20. Re2 Rd8 21. Red2 Bf8 22. Ne4 Bb7 23. c4 bxc4 24. Bxc4 Be7 0-1

[Event "Vall del Tenes op 2nd"]
[Site "Vall del Tenes"]
[Date "2013.04.12"]
[Round "2"]
[White "Nunez Ortiz, Damia"]
[Black "Rodriguez Martinez, Juan P"]
[Result "1-0"]
[WhiteElo "1669"]
[BlackElo "1946"]
[PlyCount "87"]
[EventDate "2013.04.05"]
[EventType "swiss"]
[EventRounds "8"]
[EventCountry "ESP"]
[SourceTitle "EXT 2014"]
[Source "ChessBase"]
[SourceDate "2013.11.20"]
[SourceVersion "1"]
[SourceVersionDate "2013.11.20"]
[SourceQuality "1"]

1. d4 Nf6 2. c4 g6 3. Nc3 Bg7 4. e4 d6 5. f4 0-0 6. Nf3 c5 7. d5 e6 8. dxe6 fxe6 9. Bd3 Nc6 10. 0-0 a6 11. Bd2 Rb8 12. Rb1 Bd7 13. a3 Na7 14. Qc2 Qc8 15. Rbe1 b5 16. e5 Ne8 17. Bxg6 hxg6 18. Qxg6 Nf6 19. exf6 Rxf6 20. Qg3 Bc6 21. Ne4 Bxe4 22. Rxe4 d5 23. cxd5 exd5 24. Re7 Rf7 25. Rxf7 Kxf7 26. f5 Rb6 27. Ng5+ Ke7 28. Re1+ Kd7 29. Ne6 Bf6 30. Qg6 Bd4+ 31. Kh1 Nc6 32. Qf7+ Kd6 33. Nxd4 cxd4 34. Re6+ Kc5 35. Re8 Qb7 36. Qf8+ Kc4 37. Re1 Qd7 38. f6 Rb8 39. Qh6 Kc5 40. Bb4+ Nxb4 41. axb4+ Kxb4 42. Qd2+ Kc5 43. Rc1+ Kd6 44. Qf4+ 1-0

[Event "Vall del Tenes op 1st"]
[Site "Vall del Tenes"]
[Date "2012.05.18"]
[Round "6"]
[White "Rodriguez Martinez, Juan P"]
[Black "Pozanco Romasanta, Marc"]
[Result "1-0"]
[WhiteElo "1948"]
[BlackElo "1991"]
[PlyCount "121"]
[EventDate "2012.04.13"]
[EventType "swiss"]
[EventRounds "8"]
[EventCountry "ESP"]
[SourceTitle "CBM 148 Extra"]
[Source "ChessBase"]
[SourceDate "2012.06.22"]
[SourceVersion "1"]
[SourceVersionDate "2012.06.22"]
[SourceQuality "1"]

1. e4 c5 2. Nf3 e6 3. d4 cxd4 4. Nxd4 Nf6 5. Nc3 Nc6 6. Ndb5 Bb4 7. a3 Bxc3+ 8. Nxc3 d5 9. exd5 exd5 10. Bd3 0-0 11. 0-0 d4 12. Ne2 Bg4 13. f3 Bh5 14. Nf4 Bg6 15. Nxg6 hxg6 16. f4 Ne7 17. Qf3 Qd5 18. Bd2 Nf5 19. Rae1 Rfe8 20. h3 Rxe1 21. Rxe1 Qxf3 22. gxf3 Re8 23. Re5 Rxe5 24. fxe5 Nd5 25. Be4 Nde3 26. Bxb7 Nxc2 27. Kf2 Na1 28. Bd5 Ne7 29. Ba2 Nc6 30. f4 g5 31. Ke2 gxf4 32. Bxf4 g5 33. Bxg5 Nc2 34. e6 fxe6 35. Bxe6+ Kg7 36. Kd2 d3 37. Kxd3 Ne1+ 38. Kc3 Nf3 39. Be3 Nfe5 40. Bd4 Kf6 41. Bxe5+ Kxe5 42. Bg4 a5 43. Kc4 Nd4 44. Kc5 Nb3+ 45. Kb5 Nd2 46. Be2 Nb3 47. Ka4 Nd4 48. Bb5 Kd5 49. Kxa5 Kc5 50. b4+ Kd5 51. h4 Nb3+ 52. Kb6 Nd4 53. h5 Nf5 54. Be8 Kc4 55. Bg6 Nh6 56. Ka5 Ng4 57. b5 Kc5 58. Ka6 Ne5 59. b6 Kc6 60. Be4+ Kd7 61. Ka7 1-0

[Event "Llinars del Valles Tardor op 3rd"]
[Site "Llinars del Valles"]
[Date "2011.10.07"]
[Round "2"]
[White "Mas Recorda, Pere"]
[Black "Rodriguez Martinez, Juan P"]
[Result "0-1"]
[WhiteElo "2087"]
[BlackElo "1940"]
[PlyCount "102"]
[EventDate "2011.09.30"]
[EventType "swiss"]
[EventRounds "9"]
[EventCountry "ESP"]
[SourceTitle "EXT 2013"]
[Source "ChessBase"]
[SourceDate "2012.11.22"]
[SourceVersion "1"]
[SourceVersionDate "2012.11.22"]
[SourceQuality "1"]

1. d4 d5 2. c4 e6 3. Nc3 Nf6 4. Nf3 c6 5. e3 Nbd7 6. a3 Bd6 7. cxd5 exd5 8. Bd3 0-0 9. 0-0 Re8 10. Qc2 Nf8 11. h3 Qe7 12. Nd2 Ne6 13. Re1 Nxd4 14. Qa4 Ne6 15. Qh4 Nc5 16. Bc2 Nce4 17. Ncxe4 Nxe4 18. Qxe7 Rxe7 19. Nf3 Bf5 20. b4 Bg6 21. Bb2 Nd2 22. Bxg6 Nxf3+ 23. gxf3 hxg6 24. f4 Rae8 25. Red1 a6 26. Rac1 Re4 27. Kg2 Be7 28. Rc2 Bf6 29. Bc1 Kf8 30. f3 Rc4 31. Rxc4 dxc4 32. Rd7 Rb8 33. e4 Ke8 34. Rd1 Rd8 35. Rxd8+ Kxd8 36. e5 Be7 37. Be3 Kc7 38. Kf2 a5 39. bxa5 Bxa3 40. Bb6+ Kd7 41. Ke3 c3 42. Kd3 Bb4 43. Kc2 c5 44. Kb3 Kc6 45. h4 Kd5 46. Kc2 Kd4 47. Bc7 Kc4 48. Bd8 Kb5 49. h5 gxh5 50. f5 Kc6 51. e6 fxe6 0-1

[Event "Llinars del Valles Tardor op 2nd"]
[Site "Llinars del Valles"]
[Date "2010.11.12"]
[Round "9"]
[White "Mas Recorda, Pere"]
[Black "Rodriguez Martinez, Juan P"]
[Result "1/2-1/2"]
[WhiteElo "1987"]
[BlackElo "1947"]
[PlyCount "78"]
[EventDate "2010.09.17"]
[EventType "swiss"]
[EventRounds "9"]
[EventCountry "ESP"]
[SourceTitle "EXT 2012"]
[Source "ChessBase"]
[SourceDate "2011.11.24"]
[SourceVersion "1"]
[SourceVersionDate "2011.11.24"]
[SourceQuality "1"]

1. d4 d5 2. Nf3 Nf6 3. e3 e6 4. c4 c6 5. Nc3 Nbd7 6. Qc2 a6 7. cxd5 exd5 8. Bd3 Bd6 9. 0-0 0-0 10. a3 Re8 11. Bd2 Nf8 12. h3 Bd7 13. Bf5 Qc8 14. Bxd7 Qxd7 15. Na4 Qc7 16. Nc5 N8d7 17. Nd3 Ne4 18. Bb4 Bxb4 19. Nxb4 Qd6 20. Nd3 Qg6 21. Nde5 Nxe5 22. Nxe5 Qf5 23. Rac1 Qe6 24. Nd3 Qe7 25. Nc5 Nd6 26. a4 h6 27. b3 Rad8 28. Rfe1 Qg5 29. Qd1 Re7 30. Qg4 Qf6 31. Red1 Kh8 32. Rd2 g6 33. Rdc2 Kh7 34. Rf1 h5 35. Qd1 Qf5 36. Qd3 Qg5 37. Qd1 Qf5 38. Qd3 Qg5 39. Qd1 Qf5 1/2-1/2

[Event "Llinars del Valles Tardor op 2nd"]
[Site "Llinars del Valles"]
[Date "2010.10.08"]
[Round "4"]
[White "Rodriguez Martinez, Juan P"]
[Black "Martinez Medina, Jose Juan"]
[Result "1-0"]
[WhiteElo "1947"]
[BlackElo "1569"]
[PlyCount "53"]
[EventDate "2010.09.17"]
[EventType "swiss"]
[EventRounds "9"]
[EventCountry "ESP"]
[SourceTitle "EXT 2012"]
[Source "ChessBase"]
[SourceDate "2011.11.24"]
[SourceVersion "1"]
[SourceVersionDate "2011.11.24"]
[SourceQuality "1"]

1. d4 Nf6 2. Nf3 g6 3. Bf4 Bg7 4. e3 0-0 5. h3 d6 6. Bc4 Nbd7 7. 0-0 c6 8. a4 Nb6 9. Bb3 a5 10. Nbd2 e6 11. c3 d5 12. Ne5 Nbd7 13. Ndf3 Qb6 14. c4 Nxe5 15. Nxe5 Ne4 16. f3 Nd2 17. Qxd2 Qxb3 18. c5 Bxe5 19. Bxe5 Qc4 20. Bf6 Qb4 21. Qc1 Qc4 22. Qd2 Qb4 23. Qf2 h6 24. Qh4 Kh7 25. Be7 Bd7 26. Bxf8 Rxf8 27. Qe7 1-0

[Event "Llinars del Valles op-A 4th"]
[Site "Llinars del Valles"]
[Date "2010.05.15"]
[Round "6"]
[White "Sierra Montoya, Miquel"]
[Black "Rodriguez Martinez, Juan P"]
[Result "1-0"]
[WhiteElo "1811"]
[BlackElo "1989"]
[PlyCount "113"]
[EventDate "2010.04.10"]
[EventType "swiss"]
[EventRounds "7"]
[EventCountry "ESP"]
[SourceTitle "EXT 2012"]
[Source "ChessBase"]
[SourceDate "2011.11.24"]
[SourceVersion "1"]
[SourceVersionDate "2011.11.24"]
[SourceQuality "1"]

1. e4 d5 2. exd5 Nf6 3. d4 Nxd5 4. c4 Nb6 5. Nf3 Bg4 6. Be3 e6 7. Nc3 Be7 8. h3 Bh5 9. g4 Bg6 10. Ne5 N8d7 11. Nxg6 hxg6 12. c5 Nd5 13. Nxd5 exd5 14. Qb3 Nf6 15. Qxb7 Nxg4 16. Bb5+ Kf8 17. 0-0-0 Nxe3 18. fxe3 Bg5 19. Bc6 Bxe3+ 20. Kb1 Rb8 21. Qxa7 Rh4 22. Rde1 Re4 23. Bxd5 Rxb2+ 24. Kxb2 Qxd5 25. Qb8+ Re8 26. Qxe8+ Kxe8 27. Rxe3+ Kf8 28. Rd1 f6 29. a4 Qc4 30. Ka3 g5 31. Rb3 Kf7 32. Rdd3 Qc1+ 33. Kb4 Qe1+ 34. Kc4 Qa5 35. Rb4 Qa6+ 36. Kc3 Qc6 37. Rc4 Qd5 38. c6 Qa5+ 39. Kb3 Qe1 40. Rcc3 Qb1+ 41. Ka3 Qb6 42. d5 Qb1 43. Rb3 Qc1+ 44. Kb4 Qe1+ 45. Kb5 Qf2 46. Ka6 Qc5 47. a5 f5 48. Rb5 Qc4 49. Rdb3 Qf4 50. Kb7 g4 51. hxg4 fxg4 52. a6 g3 53. a7 g2 54. Rb1 Qf1 55. a8Q g1Q 56. Rxf1+ Qxf1 57. Qa5 1-0

[Event "Llinars del Valles op-A 4th"]
[Site "Llinars del Valles"]
[Date "2010.05.01"]
[Round "4"]
[White "Pozanco Romasanta, Marc"]
[Black "Rodriguez Martinez, Juan P"]
[Result "1-0"]
[WhiteElo "1782"]
[BlackElo "1989"]
[PlyCount "102"]
[EventDate "2010.04.10"]
[EventType "swiss"]
[EventRounds "7"]
[EventCountry "ESP"]
[SourceTitle "EXT 2012"]
[Source "ChessBase"]
[SourceDate "2011.11.24"]
[SourceVersion "1"]
[SourceVersionDate "2011.11.24"]
[SourceQuality "1"]

1. b4 Nf6 2. a3 g6 3. Bb2 Bg7 4. e3 0-0 5. c4 d6 6. d4 Nbd7 7. Nf3 b6 8. Be2 Bb7 9. d5 c6 10. dxc6 Bxc6 11. Nbd2 Rc8 12. 0-0 Bb7 13. Rc1 e6 14. Nb3 Qe7 15. Nbd4 d5 16. cxd5 Nxd5 17. Qd2 N7f6 18. Rxc8 Rxc8 19. Rc1 Rxc1+ 20. Qxc1 Qc7 21. Nb5 Qxc1+ 22. Bxc1 Ba6 23. Nfd4 Bxb5 24. Nxb5 a6 25. Nd6 a5 26. bxa5 bxa5 27. Nb7 Nc3 28. Bf3 Na2 29. Bb2 a4 30. Nc5 Nd5 31. Bxd5 exd5 32. Bxg7 Kxg7 33. Nxa4 Kf6 34. Kf1 Ke5 35. Ke1 Nc1 36. Nc5 Kd6 37. Kd2 Kxc5 38. Kxc1 d4 39. Kd2 Kc4 40. e4 Kb3 41. Kd3 Kxa3 42. Kxd4 Kb3 43. Ke5 Kc3 44. Kf6 Kd3 45. e5 Ke4 46. Kxf7 Kxe5 47. Kg7 Kf5 48. Kxh7 Kg5 49. h4+ Kh5 50. Kg7 g5 51. hxg5 Kxg5 1-0